| 000 | 00795nam a22002537a 4500 | ||
|---|---|---|---|
| 005 | 20130523123027.0 | ||
| 010 | _aENG-107258 | ||
| 020 |
_a9781259096976 _c495.00 |
||
| 020 |
_a1259096971 _c495.00 |
||
| 035 | _aEN-90791 | ||
| 037 | _bDBAD/PUB | ||
| 082 | _a004.6782 | ||
| 100 | _aGulati, Madhup | ||
| 245 |
_aBuilding and managing a cloud using oracle enterprise manager 12c / _cby Madhup Gulati [and] Adeesh Fulay |
||
| 260 |
_aNew Delhi _bTata McGraw Hill _c2013 |
||
| 270 |
_aP-24, Green Park Park, Extention _bNew Delhi _e110095 |
||
| 300 |
_axvi, 284p.: _bill. _c24cm(pbk) |
||
| 500 | _aIncludes index | ||
| 650 | _aCloud computing. | ||
| 650 | _a Database management. | ||
| 700 | _aFulay, Adeesh | ||
| 700 | _aDatta, Sudip | ||
| 942 |
_2ddc _cEN _h004.6782 _mGUL |
||
| 999 |
_c75914 _d75914 |
||